000
00294nam a2200109Ia 4500
008
230320s9999||||xx |||||||||||||| ||spa||
082
_a
372.19/G68
100
_a
Gómez Dacal, Gonzalo
245
0
_a
El Diseño Curricular En La Educación Primaria
260
_b
Escuela española
942
_8
0
_c
LIB
999
_c
35953
_d
35953